=LDR 00000nam 2200000 4500 =001 INLIS000000000046348 =005 20200309024046 =035 ##$$a 0010-031500000000120 =008 200309################g##########0#ind## =020 ##$$a 978-979-26-0274-6 =040 ##$$a NBPDMAT =082 ##$$a 297.124.8 =090 ##$$a 297.124.8 $b jer p =100 ##$$a Jermein Abu Shahba =245 1#$$a Pohon kenabian : $b Tafsir hadis al kisa dan salawat syakbaniyah /$c Jerrmein Abu Shahba; penerjemah septina ferniati, Ali yahya, M. youlial =260 ##$$a Jakarta :$b Citra,$c 2013 =300 ##$$a X, 228 hlm. ; $c 16 x 24 cm =500 ##$$a Bibliografi : hlm. 227-228 =084 ##$$a 297.124.8 JER p =250 ##$$a Cet. 1 =650 #4$$a Hadis al-kisa =990 ##$$a 31500139 =990 ##$$a 31500140